Loading...
Fine Arts - Classical Music | 6 | 16.67 | 83% | 67% | 17% |
Fine Arts - Other Fine Arts | 6 | 20.00 | 100% | 100% | 0% |
Fine Arts - Visual Fine Arts | 9 | 17.78 | 100% | 67% | 11% |
Geography/Current Events | 3 | 20.00 | 100% | 100% | 0% |
History - American History | 7 | 20.00 | 100% | 86% | 14% |
History - European History | 5 | 14.00 | 100% | 40% | 0% |
History - Other History | 6 | 13.33 | 83% | 50% | 0% |
History - World History | 7 | 14.29 | 86% | 43% | 14% |
Literature - American Literature | 6 | 25.00 | 100% | 100% | 50% |
Literature - British Literature | 7 | 24.29 | 100% | 86% | 57% |
Literature - European Literature | 9 | 22.22 | 100% | 100% | 22% |
Literature - World/Other Literature | 8 | 21.25 | 100% | 100% | 13% |
Mythology | 7 | 20.00 | 100% | 71% | 29% |
Other Academic | 2 | 20.00 | 100% | 100% | 0% |
Philosophy | 8 | 18.75 | 100% | 75% | 13% |
Pop Culture | 1 | 30.00 | 100% | 100% | 100% |
Religion | 7 | 11.43 | 100% | 14% | 0% |
Science - Biology | 9 | 18.89 | 100% | 78% | 11% |
Science - Chemistry | 7 | 20.00 | 86% | 86% | 29% |
Science - Other Science | 8 | 21.25 | 100% | 75% | 38% |
Science - Physics | 7 | 21.43 | 100% | 86% | 29% |
Social Science | 5 | 12.00 | 100% | 20% | 0% |
World/Other Literature> | 1 | 30.00 | 100% | 100% | 100% |